Normal view
MARC view
- GOODIER, J.N TIMOSHENKO, S.P
Entry Personal Name
001 - CONTROL NUMBER
- control field: 26730
003 - CONTROL NUMBER IDENTIFIER
- control field: NUST
005 - DATE AND TIME OF LATEST TRANSACTION
- control field: 20191211104729.0
008 - FIXED-LENGTH DATA ELEMENTS
- fixed length control field: 191211|| aca||aabn | a|a d
040 ## - CATALOGING SOURCE
- Original cataloging agency: NUST
- Transcribing agency: NUST
100 ## - HEADING--PERSONAL NAME
- Personal name: GOODIER, J.N TIMOSHENKO, S.P
670 ## - SOURCE DATA FOUND
- Source citation: Work cat.: (NUST): GOODIER, J.N TIMOSHENKO, S.P, THEORY OF ELASTICITY, 1970
